01177 2200205 4500001002100000005001500021008004100036035002000077082000800097084001400105100002100119245003200140250000600172260003800178300001200216520070900228650001000937990001200947990001200959INLIS00000000000133120240520102537240520 1 ind  a0010-0524000566 a813 a813 JAI k aBerliana, Jainar1 aKarenina /cJainar Berliana a1 aYogyakarta :bSheila/ Andi,c2008 a360 hlm aNovel Karenina, Before I Say I Do, ini mengangkat cerita tentang jalinan cinta dua insan yang memiliki latar belakang, profesi, dan kepribadian yang sangat berbeda. Karenina, seorang gadis yang berprofesi sebagai penyiar radio di kota Bandung terlibat kisah asmara dengan seorang anggota TNI yang sering disapanya Abang. Karenina Raturandang, begitu nama lengkapnya, merupakan tipe perempuan yang aktif, aktraktif, punya banyak teman hangout, dan sedikit punya gejala Histrionic Personality Disorder (Ingin menjadi pusat perhatian dalam setiap kesempatan). Makanya, Karenina gemar gonta-ganti warna rambut dari warna cokelat sampai pink dan paling engga bisa dicuekin, apalagi bertekuk lutut sama cowok. 4aFiksi a0741504 a0741505